000 00197 a2200097 4500
001 9273
100 _aAldington, R
245 _aLawrence of Arabia
260 _a
_bCollins
_c
090 _c7442
_d7442
942 _aNUST-CAE
_cM
_c34092
999 _c244346
_d244346